Responses for show #3370 - Friday, April 9, 1999

Contestants

Elisabeth Zeller, a financial analyst from Portland, Oregon

Jimmy MacStravic, a naval architect from Springfield, Virginia

Bill Jacobs, a doctor from Wellington, Florida (whose 1-day cash winnings total $6,195)

Jeopardy! Round responses

U.S. HISTORY
VIDEO-POURRI
CINCINNATI
CLASSIC SITCOMS
COSMETICS & PERFUME
ANAGRAMMED STATE CAPITALS
    $100 6
Little Big Horn

Bill
    $100 17
Shetland pony

Bill
    $100 12
Pete Rose

Bill
    $100 1
Happy Days

Bill
    $100 20
(B: What is lipstick?)
(J: What is foundation?)

Nail polish

BillJimmy
Triple Stumper
    $100 9
Phoenix

Bill
    $200 7
Amelia Earhart

Bill
    $200 18
Princess Grace/Grace Kelly

Jimmy
    $200 13
Fountain

Bill
    $200 2
I Dream of Jeannie

Bill
    $200 21
Cinderella

Bill
    $200 26
(J: What is Alabama?)

Salem

BillJimmy
    $300 8
AFL (American Federation of Labor)

Elisabeth
    $300 19
(J: What is a beehive?)

Twist

JimmyElisabeth
    $300 14
(E: What is the Macarena?)

Chicken Dance

BillElisabeth
    $300 3
All in the Family

Bill
    $300 24
(J: What are the eyebrows?)
(less than a minute to go...)

Hair

JimmyElisabeth
    $300 27
Santa Fe

Jimmy
    $400 10
San Juan Hill

Jimmy
    $400 22
Bobcat

Jimmy
    $400 15
Oral polio vaccine

Bill
    $400 4
Designing Women

Triple Stumper
    $400 25
Ralph Lauren

Bill
    $400 28
Trenton

Jimmy
    $500 11
(J: My goodness...I'll say the commonwealth of Hawaii?)

Puerto Rico

Jimmy
    $500 23
(E: What is the $20 bill?)

$50 bill

JimmyElisabeth
    $500 16
Kentucky

Bill
    $500 5
Alice

Bill
    $500 30
Ginger

Bill
    $500 29
Sacramento

Triple Stumper

Scores at the first commercial break (after clue 15):

Bill Jimmy Elisabeth
$2,500 -$100 $0

Scores at the end of the Jeopardy! Round:

Bill Jimmy Elisabeth
$4,300 $800 $100

Double Jeopardy! Round responses

20th CENTURY LIT
ACTRESSES
HEY HEY WE'RE THE MOUNTIES!
(Alex: Eh!)
THE SOCIAL SCIENCES
TOUGH FOOTBALL
BEFORE & AFTER
    $200 1
"The World According to Garp"

Bill
    $200 21
Lily Tomlin

Bill
    $200 16
Northwest

Bill
    $200 7
Linguist

Bill
    $200 2
(Note: The Jets were still members of the AFL in 1967.)

Joe Namath

Jimmy
    $200 24
Archie Bunker Hill

Bill
    $400 3
Fannie Flagg

Jimmy
    $2,000 22
(B: Who is Glenn Close?)
(Alex: She's tied with Jack Nicholson.)

Meryl Streep

Bill
    $400 17
The Right

Elisabeth
    $400 12
George Gallup

Bill
    $400 8
Buffalo Bills

Bill
    $400 25
Chip & Dale Evans

Bill
    $600 4
J.D. Salinger

Elisabeth
    $600 23
(minute to go...)

Patti Davis

Triple Stumper
    $600 18
(J: What is "South of the Border?")

Due South

Jimmy
Triple Stumper
    $2,000 13
Psychology

Bill
    $600 9
Tom Dempsey

Bill
    $600 26
Shirley Temple of Doom

Bill
    $800 5
Kingsley

Triple Stumper
    $800 29
(buzzer sounds)

Sigourney Weaver

Triple Stumper
    $800 19
the Mounties' Musical Ride

Triple Stumper
    $800 14
Criminology

Elisabeth
    $800 10
Larry Csonka

Bill
    $800 27
Yo-Yo Ma Barker

Bill
    $1000 6
Dorothy Parker

Triple Stumper
    $1000 20
(B: What is a plebe?)

Cadet

BillJimmy
    $1000 15
Economics

Elisabeth
    $1000 11
(J: Who is Gabriel?)

Vince Ferragamo

Jimmy
Triple Stumper
    $1000 28
Cat on a Hot Tin Roof of the World

Bill

Scores at the end of the Double Jeopardy! Round:

Bill Jimmy Elisabeth
$9,300 $800 $2,900
(lock game)

[wagering suggestions for these scores]

Final Jeopardy! Round responses

RELIGIOUS TERMS
JimmyWhat is the Devil's Advocate?
$800
ElisabethWhat is the Contra (Spiritus) Sanctus?
$500
BillWhat is Devil's Advocate?
$1,700
Devil's Advocate

Final scores:

Bill Jimmy Elisabeth
$11,000 $1,600 $2,400
2-day champion: $17,195 3rd place: Goodyear Blimp Flight over Southern California 2nd place: Trip to Hotel Melia Castilla, Madrid, Spain

Game dynamics:

Coryat scores:

Bill Jimmy Elisabeth
$9,900 $1,300 $2,900
31 R
(including 1 DD),
3 W
(including 1 DD)
9 R,
7 W
(including 1 DD)
7 R,
2 W

Combined Coryat: $14,100

The J! Archive is created by fans, for fans. The Jeopardy! game show and all elements thereof, including but not limited to copyright and trademark thereto, are the property of Jeopardy Productions, Inc. and are protected under law. This website is not affiliated with, sponsored by, or operated by Jeopardy Productions, Inc. Join the discussion at JBoard.tv.